[Event "Costa Serena Travo Ben Min"]
[Site "Costa Serena"]
[Date "2009.01.25"]
[Round "2"]
[White "Afantrous, Mohamed"]
[Black "Filippini, Jean Baptiste"]
[Result "0-1"]
[WhiteElo "1199"]
[BlackElo "1390"]
[PlyCount "32"]
[EventDate "2009.01.25"]
[EventType "tourn"]
[EventRounds "5"]
[EventCountry "FRA"]
[SourceTitle "CBM 128 Extra"]
[Source "ChessBase"]
[SourceDate "2009.03.05"]
[SourceVersion "2"]
[SourceVersionDate "2009.03.25"]
[SourceQuality "1"]

1. e4 e5 2. Nc3 Nf6 3. Nf3 Nc6 4. Bc4 d6 5. 0-0 Be6 6. Bxe6 fxe6 7. Nb5 Nxe4 8. Nxc7+ Qxc7 9. d3 Nf6 10. Be3 Ng4 11. Qd2 Nxe3 12. Qxe3 Be7 13. c4 0-0 14. a3 Bf6 15. b4 e4 16. dxe4 Bxa1 0-1

[Event "Costa Serena Travo Ben Min"]
[Site "Costa Serena"]
[Date "2009.01.25"]
[Round "1"]
[White "Filippini, Jean Baptiste"]
[Black "Filippini, Laurine"]
[Result "1/2-1/2"]
[WhiteElo "1390"]
[BlackElo "1410"]
[PlyCount "94"]
[EventDate "2009.01.25"]
[EventType "tourn"]
[EventRounds "5"]
[EventCountry "FRA"]
[SourceTitle "CBM 128 Extra"]
[Source "ChessBase"]
[SourceDate "2009.03.05"]
[SourceVersion "2"]
[SourceVersionDate "2009.03.25"]
[SourceQuality "1"]

1. e4 e5 2. Nf3 Nc6 3. d4 exd4 4. Nxd4 Nxd4 5. Qxd4 Qf6 6. Qxf6 Nxf6 7. Nc3 Bb4 8. Bd3 Bxc3+ 9. bxc3 d6 10. Bg5 Be6 11. Bxf6 gxf6 12. Ke2 Rg8 13. g3 Bg4+ 14. Ke3 f5 15. exf5 Rg5 16. h3 Bxf5 17. Bxf5 Rxf5 18. Rhe1 Re5+ 19. Kd2 Rxe1 20. Rxe1+ Kd7 21. f4 Re8 22. Rxe8 Kxe8 23. Kd3 c6 24. Kd4 Ke7 25. Ke4 Ke6 26. f5+ Kf6 27. Kf4 d5 28. g4 h6 29. h4 c5 30. g5+ hxg5+ 31. hxg5+ Ke7 32. Ke5 d4 33. cxd4 cxd4 34. Kxd4 Kd6 35. g6 fxg6 36. fxg6 Ke6 37. Ke4 Kf6 38. Kd5 Kxg6 39. Kd6 Kf5 40. Kc7 b5 41. Kb8 a5 42. Kb7 Ke5 43. Kb6 Kd4 44. Kxa5 Kc4 45. a4 bxa4 46. Kxa4 Kc3 47. Ka3 Kxc2 1/2-1/2